1989 Movies by Picture - Statistics

General Stats
  • This quiz has been taken 2,136 times
    219 since last reset
  • The average score is 13 of 24
Answer Stats
Picture Answer % Correct
Batman
94%
Indiana Jones and the Last Crusade
88%
Back to the Future Part II
86%
Dead Poets Society
81%
The Little Mermaid
77%
Driving Miss Daisy
64%
Honey, I Shrunk the Kids
64%
When Harry Met Sally...
64%
Bill and Ted's Excellent Adventure
60%
Field of Dreams
56%
Lethal Weapon 2
51%
Uncle Buck
50%
Look Who's Talking
45%
Road House
45%
Born on the Fourth of July
41%
Ghostbusters II
41%
Pet Sematary
40%
Steel Magnolias
39%
Glory
37%
Say Anything...
36%
All Dogs Go to Heaven
34%
Do the Right Thing
29%
The Abyss
29%
UHF
22%
No matching quizzes found
Score Distribution
Percent of People with Each Score
Percentile by Number Answered
Your Score History
You have not taken this quiz since the last reset